ՀՀ Գիտությունների ազգային ակադեմիայի հիմնարար գիտական գրադարան  =   Fundamental Scientific Library of NAS RA

Հայրենասիրական երգերի ժողովածու / (Record no. 539420)

MARC details
000 -LEADER
fixed length control field 00924nam a2200229 a 4500
003 - CONTROL NUMBER IDENTIFIER
control field AM-YEHGA
005 - DATE AND TIME OF LATEST TRANSACTION
control field 20260123115051.0
008 - FIXED-LENGTH DATA ELEMENTS--GENERAL INFORMATION
fixed length control field 090721s2009 ai r 000|0 arm d
020 ## - INTERNATIONAL STANDARD BOOK NUMBER
International Standard Book Number 978-99941-74-66-9
040 ## - CATALOGING SOURCE
Original cataloging agency AM-YEHGA
041 0# - LANGUAGE CODE
Language code of text/sound track or separate title arm
001 - CONTROL NUMBER
control field 590096
245 00 - TITLE STATEMENT
Title Հայրենասիրական երգերի ժողովածու /
Statement of responsibility, etc. Կազմող՝ Ա.Ս. Խաչատրյան ; Խմբագիր՝ Է. Ստեփանյան և Մ. Բարսեղյան-Խանջյան.
260 ## - PUBLICATION, DISTRIBUTION, ETC.
Place of publication, distribution, etc. Երևան :
Name of publisher, distributor, etc. ՀԳՄ հրատ.,
Date of publication, distribution, etc. 2009.
300 ## - PHYSICAL DESCRIPTION
Extent 40 էջ :
Other physical details նոտա ;
Dimensions 21 սմ.
650 14 - SUBJECT ADDED ENTRY--TOPICAL TERM
Topical term or geographic name entry element Երգեցողական ստեղծագործություններ
650 14 - SUBJECT ADDED ENTRY--TOPICAL TERM
Topical term or geographic name entry element Երգարան
General subdivision Հայրենասիրական երգեր
700 1# - ADDED ENTRY--PERSONAL NAME
Personal name Խաչատրյան, Ա.Ս
Relator term կազմ.
Relationship com
700 1# - ADDED ENTRY--PERSONAL NAME
Personal name Ստեփանյան, Է.
Relator term խմբ.
Relationship edt
700 1# - ADDED ENTRY--PERSONAL NAME
Personal name Բարսեղյան-Խանջյան, Մ.
Relator term խմբ.
Relationship edt
942 ## - ADDED ENTRY ELEMENTS (KOHA)
Source of classification or shelving scheme Universal Decimal Classification
Koha item type Գրքեր / Books
Holdings
Withdrawn status Lost status Source of classification or shelving scheme Damaged status Not for loan Collection Home library Current library Date acquired Total checkouts Full call number Barcode Date last seen Price effective from Koha item type Public note
    Universal Decimal Classification     General Fundamental Scientific Library Fundamental Scientific Library 27/11/2025   AII/113858 FL0700848 27/11/2025 05/12/2025 Գրքեր / Books 30 Days Loan


ՀՀ ԳԱԱ հիմնարար գիտական գրադարան
ՀՀ,Երևան 0019
Մարշալ Բաղրամյան 24/6
հեռախոս:(374-10) 52-47-50
Հետադարձ կապ

All site content, except where otherwise noted, is licensed under a
Creative Commons License